| 000 | 00656nmc a2200241 a 4500 | ||
|---|---|---|---|
| 003 | AR-Y00000XR | ||
| 005 | 20251128211634.0 | ||
| 008 | 277020s2006 ||||||||||||||000 | spa|| | ||
| 020 | _a950-557-686-2 | ||
| 040 | _cAR-Y00000XR | ||
| 100 | 1 | _aLacapra, Dominick | |
| 245 | 1 | 0 |
_aHistoria en tránsito _bexperiencia, identidad, teoría crítica |
| 250 | _a1ª ed. | ||
| 260 |
_aBuenos Aires _bFCE _c2006 |
||
| 300 | 0 | _a364 p. | |
| 490 | 0 | _aSección de obras de historia | |
| 650 | 4 | _aHISTORIOGRAFIA | |
| 650 | 4 | _aANALISIS HISTORICO | |
| 650 | 4 | _aHISTORIA Y ESTUDIOS CONEXOS | |
| 653 | 0 | _aTEORIAS CRITICAS | |
| 942 | _cBK | ||
| 998 | _cme-solo cat | ||
| 999 |
_c20546 _d20546 |
||